[Event "World Chess Olympiad 2018"]
[Site "Batumi"]
[Date "2018.10.05"]
[Round "11"]
[Board "4"]
[WhiteFideId "7700750"]
[White "Winter Atwell Adrian"]
[BlackFideId "7200315"]
[Black "Poulsen Martin"]
[Result "0-1"]
[LiveChessVersion "1.4.8"]
[BlackElo "2239"]
[WhiteElo "2221"]

1. e4 {[%clk 1:30:48]} d5 {[%clk 1:30:54]} 2. exd5 {[%clk 1:31:05]} Qxd5
{[%clk 1:31:18]} 3. Nc3 {[%clk 1:31:09]} Qd6 {[%clk 1:31:43]} 4. d4
{[%clk 1:30:49]} Nf6 {[%clk 1:32:05]} 5. Nf3 {[%clk 1:30:34]} a6 {[%clk 1:28:16]}
6. g3 {[%clk 1:28:13]} Bg4 {[%clk 1:24:51]} 7. h3 {[%clk 1:25:40]} Bxf3
{[%clk 1:18:03]} 8. Qxf3 {[%clk 1:26:00]} Nc6 {[%clk 1:17:16]} 9. Be3
{[%clk 1:25:57]} e6 {[%clk 1:07:52]} 10. O-O-O {[%clk 1:24:23]} O-O-O
{[%clk 0:57:44]} 11. Bg2 {[%clk 1:23:11]} Be7 {[%clk 0:47:33]} 12. d5
{[%clk 1:08:15]} exd5 {[%clk 0:38:52]} 13. Nxd5 {[%clk 1:08:13]} Nxd5
{[%clk 0:37:54]} 14. Rxd5 {[%clk 1:06:00]} Qxd5 {[%clk 0:34:58]} 15. Qxd5
{[%clk 1:06:15]} Rxd5 {[%clk 0:35:23]} 16. Bxd5 {[%clk 1:06:39]} Nd8
{[%clk 0:35:24]} 17. Bd4 {[%clk 1:05:46]} f6 {[%clk 0:35:38]} 18. Re1
{[%clk 1:05:30]} Bd6 {[%clk 0:35:35]} 19. h4 {[%clk 1:05:03]} h5 {[%clk 0:27:09]}
20. c4 {[%clk 1:03:03]} c5 {[%clk 0:26:43]} 21. Bc3 {[%clk 1:02:26]} Kc7
{[%clk 0:26:50]} 22. Kd2 {[%clk 0:59:14]} Nc6 {[%clk 0:26:26]} 23. Kd3
{[%clk 0:59:15]} Rd8 {[%clk 0:18:14]} 24. Ke4 {[%clk 0:55:13]} Ne7
{[%clk 0:04:55]} 25. Bf7 {[%clk 0:53:36]} Rh8 {[%clk 0:05:22]} 26. Rd1
{[%clk 0:53:05]} b6 {[%clk 0:04:16]} 27. Bd2 {[%clk 0:50:19]} Rh7
{[%clk 0:03:52]} 28. Be6 {[%clk 0:49:43]} Nc6 {[%clk 0:02:59]} 29. Bf4
{[%clk 0:46:34]} Nd4 {[%clk 0:03:11]} 30. Bxd6+ {[%clk 0:43:52]} Kxd6
{[%clk 0:03:37]} 31. Bf5 {[%clk 0:43:33]} Rh8 {[%clk 0:03:22]} 32. Bg6
{[%clk 0:43:50]} Rh6 {[%clk 0:02:57]} 33. Bf5 {[%clk 0:42:56]} g6
{[%clk 0:02:54]} 34. Bc8 {[%clk 0:41:22]} Rh8 {[%clk 0:02:45]} 35. Bb7
{[%clk 0:40:46]} Re8+ {[%clk 0:02:23]} 36. Kd3 {[%clk 0:40:24]} a5
{[%clk 0:02:28]} 37. Bd5 {[%clk 0:38:08]} Re2 {[%clk 0:01:42]} 38. Rd2
{[%clk 0:38:05]} Re7 {[%clk 0:01:43]} 39. f3 {[%clk 0:34:33]} Nf5
{[%clk 0:01:02]} 40. Be4 {[%clk 1:05:02]} Nxg3 {[%clk 0:30:38]} 41. Bxg6
{[%clk 1:04:02]} Ke5 {[%clk 0:24:55]} 42. Rg2 {[%clk 1:02:08]} Kf4
{[%clk 0:22:19]} 43. Be4 {[%clk 0:59:46]} Nxe4 {[%clk 0:20:10]} 44. fxe4
{[%clk 0:59:51]} Rxe4 {[%clk 0:20:16]} 45. b3 {[%clk 0:58:45]} Rd4+
{[%clk 0:14:48]} 46. Ke2 {[%clk 0:59:05]} Kf5 {[%clk 0:14:16]} 47. Rh2
{[%clk 0:58:39]} Rf4 {[%clk 0:11:26]} 48. Ke3 {[%clk 0:58:32]} Ke5
{[%clk 0:11:27]} 49. Rh1 {[%clk 0:58:49]} f5 {[%clk 0:11:20]} 50. Rh2
{[%clk 0:58:45]} Rd4 {[%clk 0:09:36]} 51. Rg2 {[%clk 0:56:24]} Rg4
{[%clk 0:09:41]} 52. Rh2 {[%clk 0:56:40]} Rg3+ {[%clk 0:09:11]} 53. Kf2
{[%clk 0:56:30]} Rc3 0-1

[Event "World Chess Olympiad 2018"]
[Site "Batumi"]
[Date "2018.10.05"]
[Round "11"]
[Board "1"]
[WhiteFideId "16700066"]
[White "Abdul Rahman Ali"]
[BlackFideId "2500914"]
[Black "Baburin Alexander"]
[Result "0-1"]
[LiveChessVersion "1.4.8"]
[BlackElo "2452"]
[WhiteElo "1850"]

1. d4 {[%clk 1:30:53]} Nf6 {[%clk 1:29:43]} 2. e3 {[%clk 1:30:25]} d5
{[%clk 1:29:26]} 3. Bd3 {[%clk 1:30:01]} Bg4 {[%clk 1:26:31]} 4. Be2
{[%clk 1:28:14]} Bxe2 {[%clk 1:20:37]} 5. Qxe2 {[%clk 1:28:29]} Nbd7
{[%clk 1:17:05]} 6. f4 {[%clk 1:27:48]} g6 {[%clk 1:16:05]} 7. Nf3
{[%clk 1:27:11]} Bg7 {[%clk 1:16:29]} 8. Nbd2 {[%clk 1:27:22]} O-O
{[%clk 1:16:39]} 9. O-O {[%clk 1:27:46]} c5 {[%clk 1:16:55]} 10. c3
{[%clk 1:27:39]} Qc7 {[%clk 1:07:36]} 11. Ne5 {[%clk 1:27:23]} Rac8
{[%clk 1:06:53]} 12. a3 {[%clk 1:25:50]} a6 {[%clk 1:06:08]} 13. Qd3
{[%clk 1:22:26]} e6 {[%clk 1:01:24]} 14. Qe2 {[%clk 1:20:55]} b5 {[%clk 0:57:37]}
15. Ndf3 {[%clk 1:20:06]} Ne4 {[%clk 0:57:06]} 16. Nxd7 {[%clk 1:20:19]} Qxd7
{[%clk 0:57:26]} 17. Nd2 {[%clk 1:20:21]} f5 {[%clk 0:50:38]} 18. Nxe4
{[%clk 1:19:53]} dxe4 {[%clk 0:50:27]} 19. Bd2 {[%clk 1:20:15]} cxd4
{[%clk 0:48:31]} 20. exd4 {[%clk 1:19:43]} a5 {[%clk 0:45:27]} 21. Rac1
{[%clk 1:17:37]} Qd5 {[%clk 0:43:44]} 22. Be3 {[%clk 1:16:50]} Rc6
{[%clk 0:37:20]} 23. a4 {[%clk 1:07:05]} bxa4 {[%clk 0:34:18]} 24. c4
{[%clk 1:07:17]} Qd7 {[%clk 0:34:30]} 25. Rfd1 {[%clk 1:06:58]} Rb8
{[%clk 0:34:05]} 26. Rc3 {[%clk 1:06:46]} Rcb6 {[%clk 0:32:40]} 27. Rd2
{[%clk 1:06:18]} Rb3 {[%clk 0:31:55]} 28. Rxb3 {[%clk 1:04:26]} Rxb3
{[%clk 0:31:07]} 29. Kf2 {[%clk 1:04:14]} Qe7 {[%clk 0:22:46]} 30. g3
{[%clk 1:01:22]} a3 {[%clk 0:22:05]} 31. bxa3 {[%clk 1:01:21]} Qxa3
{[%clk 0:22:23]} 32. c5 {[%clk 1:01:23]} Rd3 {[%clk 0:18:50]} 33. c6
{[%clk 0:59:35]} Qd6 {[%clk 0:18:31]} 34. Rc2 {[%clk 0:59:23]} Qc7
{[%clk 0:15:15]} 35. Rc4 {[%clk 0:56:02]} Bf8 {[%clk 0:11:16]} 36. Qa2
{[%clk 0:53:47]} Kf7 {[%clk 0:09:50]} 37. Rc2 {[%clk 0:52:28]} Bb4
{[%clk 0:06:04]} 38. Qc4 {[%clk 0:52:23]} Ke7 {[%clk 0:04:05]} 39. Qb5
{[%clk 0:50:59]} h6 {[%clk 0:02:04]} 40. Ke2 {[%clk 1:21:27]} Bd6
{[%clk 0:31:08]} 41. Kf2 {[%clk 1:20:13]} g5 {[%clk 0:26:38]} 42. Ke2
{[%clk 1:18:56]} gxf4 {[%clk 0:22:27]} 43. gxf4 {[%clk 1:10:16]} Bxf4
{[%clk 0:21:58]} 44. Bf2 {[%clk 1:07:43]} Bxh2 {[%clk 0:17:48]} 45. Qc5+
{[%clk 1:06:06]} Kf7 {[%clk 0:12:28]} 46. Rb2 {[%clk 1:06:19]} Qf4
{[%clk 0:11:52]} 47. Rb7+ {[%clk 1:00:17]} Kg6 {[%clk 0:12:12]} 48. Rg7+
{[%clk 0:58:22]} Kxg7 {[%clk 0:10:40]} 49. Qe7+ {[%clk 0:57:25]} Kg6
{[%clk 0:10:57]} 50. Qxe6+ {[%clk 0:55:13]} Kh5 {[%clk 0:10:39]} 51. Qf7+
{[%clk 0:53:56]} Kg4 {[%clk 0:10:58]} 52. Qg6+ {[%clk 0:53:21]} Kh3
{[%clk 0:11:01]} 53. Qh5+ {[%clk 0:52:22]} Kg2 {[%clk 0:11:25]} 54. Qg6+
{[%clk 0:51:35]} Bg3 {[%clk 0:11:34]} 0-1

[Event "World Chess Olympiad 2018"]
[Site "Batumi"]
[Date "2018.10.05"]
[Round "11"]
[Board "2"]
[WhiteFideId "2504243"]
[White "O`Donnell Conor"]
[BlackFideId "16700058"]
[Black "Mohamed Hassan"]
[Result "1-0"]
[LiveChessVersion "1.4.8"]
[BlackElo "1846"]
[WhiteElo "2360"]

1. e4 {[%clk 1:30:57]} c6 {[%clk 1:30:49]} 2. Nf3 {[%clk 1:29:58]} d6
{[%clk 1:30:41]} 3. d4 {[%clk 1:28:44]} Nf6 {[%clk 1:30:59]} 4. Bd3
{[%clk 1:28:25]} g6 {[%clk 1:31:19]} 5. O-O {[%clk 1:27:45]} Bg7 {[%clk 1:31:45]}
6. h3 {[%clk 1:23:26]} O-O {[%clk 1:31:55]} 7. Qe2 {[%clk 1:22:28]} Qc7
{[%clk 1:29:14]} 8. e5 {[%clk 1:20:50]} Nd5 {[%clk 1:26:48]} 9. a3
{[%clk 1:17:48]} b5 {[%clk 1:25:17]} 10. Re1 {[%clk 1:14:55]} a6 {[%clk 1:22:12]}
11. c4 {[%clk 1:09:00]} Nb6 {[%clk 1:20:46]} 12. b3 {[%clk 1:03:16]} c5
{[%clk 1:15:01]} 13. d5 {[%clk 0:51:11]} bxc4 {[%clk 1:04:06]} 14. bxc4
{[%clk 0:51:24]} e6 {[%clk 1:03:57]} 15. dxe6 {[%clk 0:48:28]} Bxe6
{[%clk 1:01:06]} 16. Bf4 {[%clk 0:48:00]} d5 {[%clk 0:58:58]} 17. Nbd2
{[%clk 0:46:30]} d4 {[%clk 0:56:28]} 18. Ng5 {[%clk 0:42:35]} N8d7
{[%clk 0:56:13]} 19. Nxe6 {[%clk 0:40:10]} fxe6 {[%clk 0:55:56]} 20. Qg4
{[%clk 0:39:21]} Rae8 {[%clk 0:55:33]} 21. Nf3 {[%clk 0:39:12]} Rf5
{[%clk 0:47:39]} 22. Bxf5 {[%clk 0:31:14]} gxf5 {[%clk 0:45:40]} 23. Qh5
{[%clk 0:29:39]} Qc8 {[%clk 0:45:11]} 24. Ng5 {[%clk 0:26:08]} Nf8
{[%clk 0:42:03]} 25. Rab1 {[%clk 0:22:47]} Nbd7 {[%clk 0:39:28]} 26. Nf7
{[%clk 0:18:52]} Ng6 {[%clk 0:34:02]} 27. Nd6 {[%clk 0:19:13]} Qc6
{[%clk 0:32:11]} 28. Nxe8 {[%clk 0:16:41]} Nxf4 {[%clk 0:31:57]} 29. Qg5
{[%clk 0:16:27]} Ng6 {[%clk 0:31:12]} 30. Nf6+ {[%clk 0:10:25]} Bxf6
{[%clk 0:28:21]} 31. exf6 {[%clk 0:10:51]} Kf7 {[%clk 0:28:28]} 32. h4
{[%clk 0:09:43]} Nxf6 {[%clk 0:25:45]} 33. Rb8 {[%clk 0:09:14]} Nd7
{[%clk 0:18:42]} 34. Rb3 {[%clk 0:06:57]} Qc7 {[%clk 0:15:22]} 35. h5
{[%clk 0:06:03]} Nge5 {[%clk 0:13:35]} 36. Rg3 {[%clk 0:05:12]} Ng4
{[%clk 0:11:29]} 37. h6 {[%clk 0:04:58]} Qd6 {[%clk 0:06:50]} 38. Qg7+
{[%clk 0:05:24]} Ke8 {[%clk 0:05:08]} 39. Qxh7 {[%clk 0:05:08]} Kd8
{[%clk 0:04:11]} 40. Qg8+ {[%clk 0:34:31]} Kc7 {[%clk 0:34:32]} 41. Rxg4
{[%clk 0:33:24]} 1-0

[Event "World Chess Olympiad 2018"]
[Site "Batumi"]
[Date "2018.10.05"]
[Round "11"]
[Board "3"]
[WhiteFideId "16700406"]
[White "Muhammed Shuaau"]
[BlackFideId "628859"]
[Black "Jessel Stephen"]
[Result "0-1"]
[LiveChessVersion "1.4.8"]
[BlackElo "2317"]
[WhiteElo "1775"]

1. e4 {[%clk 1:30:57]} e6 {[%clk 1:30:50]} 2. d4 {[%clk 1:31:23]} d5
{[%clk 1:31:15]} 3. Nc3 {[%clk 1:31:50]} Nf6 {[%clk 1:31:35]} 4. Bg5
{[%clk 1:30:55]} Bb4 {[%clk 1:31:27]} 5. e5 {[%clk 1:27:14]} h6 {[%clk 1:31:41]}
6. Bd2 {[%clk 1:26:46]} Bxc3 {[%clk 1:31:51]} 7. bxc3 {[%clk 1:24:56]} Ne4
{[%clk 1:31:40]} 8. Bd3 {[%clk 1:24:46]} Nxd2 {[%clk 1:31:47]} 9. Qxd2
{[%clk 1:25:14]} c5 {[%clk 1:31:49]} 10. f4 {[%clk 1:24:41]} Qe7 {[%clk 1:30:37]}
11. Nf3 {[%clk 1:24:17]} c4 {[%clk 1:25:26]} 12. Be2 {[%clk 1:24:22]} Nd7
{[%clk 1:23:01]} 13. O-O {[%clk 1:24:42]} Qa3 {[%clk 1:22:50]} 14. Nh4
{[%clk 1:22:56]} Nb6 {[%clk 1:21:24]} 15. f5 {[%clk 1:22:18]} Na4
{[%clk 1:20:51]} 16. fxe6 {[%clk 1:17:47]} Bxe6 {[%clk 1:18:55]} 17. Nf5
{[%clk 1:17:17]} Bxf5 {[%clk 1:17:32]} 18. Rxf5 {[%clk 1:17:44]} Qxc3
{[%clk 1:17:24]} 19. Rd1 {[%clk 1:16:07]} Qxd2 {[%clk 1:16:21]} 20. Rxd2
{[%clk 1:16:35]} Ke7 {[%clk 1:14:18]} 21. Bg4 {[%clk 1:16:08]} Nc3
{[%clk 1:11:57]} 22. a3 {[%clk 1:10:32]} a5 {[%clk 1:08:15]} 23. Rf3
{[%clk 1:06:49]} Ne4 {[%clk 1:08:12]} 24. Re2 {[%clk 1:06:00]} b5
{[%clk 1:06:33]} 25. Rfe3 {[%clk 1:03:19]} b4 {[%clk 1:02:30]} 26. Bf3
{[%clk 1:00:45]} Nc3 {[%clk 1:02:05]} 27. axb4 {[%clk 0:58:52]} axb4
{[%clk 1:00:56]} 28. Rxc3 {[%clk 0:59:04]} bxc3 {[%clk 1:00:54]} 29. Bxd5
{[%clk 0:59:27]} Ra1+ {[%clk 1:00:48]} 30. Kf2 {[%clk 0:59:50]} Rd8
{[%clk 1:01:09]} 31. Bxc4 {[%clk 1:00:08]} Rxd4 {[%clk 1:01:23]} 32. Bb3
{[%clk 0:59:38]} Rd2 {[%clk 1:01:18]} 33. Ke3 {[%clk 0:54:44]} Rad1
{[%clk 0:58:27]} 34. h4 {[%clk 0:53:54]} Rxe2+ {[%clk 0:58:26]} 35. Kxe2
{[%clk 0:54:22]} Rd2+ {[%clk 0:58:49]} 36. Kf3 {[%clk 0:54:45]} g6
{[%clk 0:58:17]} 37. g4 {[%clk 0:54:38]} Rd4 {[%clk 0:58:26]} 38. Ba2
{[%clk 0:54:28]} h5 {[%clk 0:57:08]} 0-1

[Event "World Chess Olympiad 2018"]
[Site "Batumi"]
[Date "2018.10.05"]
[Round "11"]
[Board "4"]
[WhiteFideId "2501961"]
[White "Fitzsimons David"]
[BlackFideId "16700031"]
[Black "Ahmed Ashraf"]
[Result "1-0"]
[LiveChessVersion "1.4.8"]
[BlackElo "1863"]
[WhiteElo "2316"]

1. e4 {[%clk 1:30:57]} c5 {[%clk 1:30:52]} 2. Nf3 {[%clk 1:31:20]} d6
{[%clk 1:31:15]} 3. Nc3 {[%clk 1:31:45]} Nf6 {[%clk 1:31:32]} 4. e5
{[%clk 1:32:09]} dxe5 {[%clk 1:28:53]} 5. Nxe5 {[%clk 1:32:30]} e6
{[%clk 1:28:29]} 6. Bb5+ {[%clk 1:32:39]} Nbd7 {[%clk 1:28:08]} 7. d4
{[%clk 1:33:02]} a6 {[%clk 1:23:55]} 8. Bxd7+ {[%clk 1:33:23]} Nxd7
{[%clk 1:23:48]} 9. Qh5 {[%clk 1:33:05]} g6 {[%clk 1:21:38]} 10. Qf3
{[%clk 1:33:29]} Qf6 {[%clk 1:19:20]} 11. Qxf6 {[%clk 1:33:35]} Nxf6
{[%clk 1:19:45]} 12. Bg5 {[%clk 1:33:30]} Nd7 {[%clk 1:18:54]} 13. Ne4
{[%clk 1:13:22]} cxd4 {[%clk 0:56:44]} 14. Nxd7 {[%clk 1:07:25]} Kxd7
{[%clk 0:53:16]} 15. Bf6 {[%clk 1:04:44]} Rg8 {[%clk 0:52:21]} 16. O-O-O
{[%clk 1:04:57]} b5 {[%clk 0:48:00]} 17. Bxd4 {[%clk 1:03:16]} Kc6
{[%clk 0:47:50]} 18. Rd3 {[%clk 1:03:29]} Kb7 {[%clk 0:36:18]} 19. Rhd1
{[%clk 1:01:17]} Be7 {[%clk 0:26:36]} 20. Be5 {[%clk 0:58:38]} Rf8
{[%clk 0:14:09]} 21. Rc3 {[%clk 0:57:27]} Ra7 {[%clk 0:09:46]} 22. Rc7+
{[%clk 0:56:01]} Ka8 {[%clk 0:09:46]} 23. Rc3 {[%clk 0:50:47]} f5
{[%clk 0:06:32]} 24. Nd6 {[%clk 0:49:16]} Bxd6 {[%clk 0:05:58]} 25. Rxd6
{[%clk 0:49:44]} Bd7 {[%clk 0:05:45]} 26. Bd4 1-0

[Event "World Chess Olympiad 2018"]
[Site "Batumi"]
[Date "2018.10.05"]
[Round "11"]
[Board "1"]
[WhiteFideId "4300106"]
[White "Dive Russell John"]
[BlackFideId "10100792"]
[Black "Miguel Sergio"]
[Result "1-0"]
[LiveChessVersion "1.4.8"]
[BlackElo "2285"]
[WhiteElo "2297"]

1. d4 {[%clk 1:30:57]} Nf6 {[%clk 1:30:53]} 2. Nf3 {[%clk 1:31:21]} e6
{[%clk 1:31:17]} 3. g3 {[%clk 1:31:47]} b6 {[%clk 1:30:52]} 4. Bg2
{[%clk 1:32:11]} Ba6 {[%clk 1:30:51]} 5. O-O {[%clk 1:32:15]} d5 {[%clk 1:31:07]}
6. Ne5 {[%clk 1:29:12]} Nfd7 {[%clk 1:30:21]} 7. Nd3 {[%clk 1:28:24]} c6
{[%clk 1:29:07]} 8. Nd2 {[%clk 1:18:14]} g6 {[%clk 1:25:33]} 9. e4
{[%clk 1:11:19]} Bg7 {[%clk 1:25:17]} 10. exd5 {[%clk 1:08:45]} cxd5
{[%clk 1:25:45]} 11. c4 {[%clk 1:08:57]} Nc6 {[%clk 1:17:22]} 12. Qa4
{[%clk 0:55:25]} Na5 {[%clk 1:17:10]} 13. Nb4 {[%clk 0:45:40]} Bxc4
{[%clk 1:14:21]} 14. Nxc4 {[%clk 0:45:55]} Nxc4 {[%clk 1:14:43]} 15. Nxd5
{[%clk 0:44:15]} Rc8 {[%clk 1:02:04]} 16. Nb4 {[%clk 0:43:02]} b5
{[%clk 0:58:11]} 17. Qxb5 {[%clk 0:39:46]} Qb6 {[%clk 0:57:46]} 18. Qa4
{[%clk 0:38:54]} a5 {[%clk 0:48:04]} 19. Nc6 {[%clk 0:38:28]} Qa6
{[%clk 0:48:09]} 20. Bf4 {[%clk 0:25:19]} Ndb6 {[%clk 0:46:36]} 21. Qb3
{[%clk 0:24:03]} Bf6 {[%clk 0:32:53]} 22. Bh6 {[%clk 0:21:49]} Nd6
{[%clk 0:32:41]} 23. Rfe1 {[%clk 0:12:56]} Nbc4 {[%clk 0:28:09]} 24. d5
{[%clk 0:09:57]} Rxc6 {[%clk 0:08:27]} 25. dxc6 {[%clk 0:10:04]} a4
{[%clk 0:08:01]} 26. Qb8+ {[%clk 0:08:00]} Qc8 {[%clk 0:08:11]} 27. Qb4
{[%clk 0:07:36]} Qc7 {[%clk 0:02:55]} 28. Rad1 {[%clk 0:06:17]} Bxb2
{[%clk 0:02:25]} 29. Rxd6 {[%clk 0:05:47]} 1-0

[Event "World Chess Olympiad 2018"]
[Site "Batumi"]
[Date "2018.10.05"]
[Round "11"]
[Board "2"]
[WhiteFideId "10100091"]
[White "Soares Erikson Roberto Mauricio"]
[BlackFideId "405647"]
[Black "Hague Ben"]
[Result "1/2-1/2"]
[LiveChessVersion "1.4.8"]
[BlackElo "2405"]
[WhiteElo "2283"]

1. Nf3 {[%clk 1:30:54]} d5 {[%clk 1:30:52]} 2. g3 {[%clk 1:31:21]} c6
{[%clk 1:30:46]} 3. Bg2 {[%clk 1:22:24]} Bg4 {[%clk 1:31:07]} 4. d4
{[%clk 1:22:43]} Nf6 {[%clk 1:30:59]} 5. Ne5 {[%clk 1:23:03]} Bf5
{[%clk 1:30:53]} 6. O-O {[%clk 1:23:30]} e6 {[%clk 1:30:38]} 7. c4
{[%clk 1:23:55]} Nbd7 {[%clk 1:29:54]} 8. Nc3 {[%clk 1:23:28]} Be7
{[%clk 1:29:11]} 9. f4 {[%clk 1:23:48]} O-O {[%clk 1:27:55]} 10. e3
{[%clk 1:24:13]} Ne4 {[%clk 1:23:36]} 11. Nxe4 {[%clk 1:13:22]} Bxe4
{[%clk 1:22:25]} 12. Bxe4 {[%clk 1:13:49]} dxe4 {[%clk 1:22:46]} 13. c5
{[%clk 1:13:02]} f5 {[%clk 1:15:17]} 14. Nxd7 {[%clk 1:06:01]} Qxd7
{[%clk 1:15:39]} 15. Bd2 {[%clk 1:05:08]} Rf7 {[%clk 1:05:01]} 16. b4
{[%clk 1:05:16]} g5 {[%clk 1:02:55]} 17. Qe2 {[%clk 1:04:18]} Rg7
{[%clk 0:57:54]} 18. Kh1 {[%clk 1:04:02]} Qd5 {[%clk 0:57:04]} 19. a4
{[%clk 0:55:50]} Kh8 {[%clk 0:53:50]} 20. Bc3 {[%clk 0:54:24]} gxf4
{[%clk 0:50:34]} 21. gxf4 {[%clk 0:54:28]} Rag8 {[%clk 0:50:27]} 22. Rg1
{[%clk 0:40:05]} Bf6 {[%clk 0:47:30]} 23. Rxg7 {[%clk 0:38:55]} Rxg7
{[%clk 0:47:31]} 24. Rb1 {[%clk 0:39:08]} a6 {[%clk 0:41:54]} 25. b5
{[%clk 0:37:23]} axb5 {[%clk 0:42:14]} 26. axb5 {[%clk 0:37:51]} h6
{[%clk 0:39:44]} 27. bxc6 {[%clk 0:30:42]} bxc6 {[%clk 0:39:42]} 28. Rg1
{[%clk 0:30:24]} Qb3 {[%clk 0:34:52]} 29. Rxg7 {[%clk 0:30:45]} Kxg7
{[%clk 0:35:08]} 30. Be1 {[%clk 0:29:49]} h5 {[%clk 0:31:43]} 31. Kg2
{[%clk 0:28:56]} Kh6 {[%clk 0:31:56]} 32. Bf2 {[%clk 0:27:22]} Qa4
{[%clk 0:27:58]} 33. Kh3 {[%clk 0:25:59]} Qb3 {[%clk 0:23:45]} 34. Kg2
{[%clk 0:26:21]} Qa4 {[%clk 0:08:47]} 1/2-1/2

[Event "World Chess Olympiad 2018"]
[Site "Batumi"]
[Date "2018.10.05"]
[Round "11"]
[Board "3"]
[WhiteFideId "4300084"]
[White "Ker Anthony F"]
[BlackFideId "10101314"]
[Black "Silva David"]
[Result "1/2-1/2"]
[LiveChessVersion "1.4.8"]
[BlackElo "2223"]
[WhiteElo "2315"]

1. e4 {[%clk 1:30:50]} e5 {[%clk 1:26:48]} 2. Nf3 {[%clk 1:31:11]} Nc6
{[%clk 1:23:36]} 3. Bc4 {[%clk 1:31:31]} Nf6 {[%clk 1:23:26]} 4. d4
{[%clk 1:31:53]} exd4 {[%clk 1:23:49]} 5. e5 {[%clk 1:32:17]} d5 {[%clk 1:24:14]}
6. Bb5 {[%clk 1:32:42]} Ne4 {[%clk 1:24:40]} 7. Nxd4 {[%clk 1:33:02]} Bc5
{[%clk 1:25:03]} 8. Be3 {[%clk 1:32:45]} Bd7 {[%clk 1:21:51]} 9. Bxc6
{[%clk 1:33:02]} bxc6 {[%clk 1:20:57]} 10. Nd2 {[%clk 1:33:20]} Nxd2
{[%clk 1:20:24]} 11. Qxd2 {[%clk 1:33:41]} Qe7 {[%clk 1:19:53]} 12. Nb3
{[%clk 1:29:12]} Bb6 {[%clk 1:18:18]} 13. Qc3 {[%clk 1:29:31]} O-O
{[%clk 1:17:49]} 14. Bc5 {[%clk 1:15:47]} Bxc5 {[%clk 1:17:11]} 15. Nxc5
{[%clk 1:16:11]} f6 {[%clk 1:17:18]} 16. O-O {[%clk 1:14:35]} fxe5
{[%clk 1:17:38]} 17. Nxd7 {[%clk 1:14:58]} Qxd7 {[%clk 1:18:02]} 18. Qxe5
{[%clk 1:15:21]} Rae8 {[%clk 1:17:53]} 19. Qd4 {[%clk 1:13:56]} Re2
{[%clk 1:15:37]} 20. Rac1 {[%clk 1:12:30]} Qf5 {[%clk 1:13:41]} 21. c4
{[%clk 1:11:15]} Qe4 {[%clk 1:11:50]} 22. Qxe4 {[%clk 0:37:45]} dxe4
{[%clk 1:11:49]} 23. b3 {[%clk 0:37:54]} Rxa2 {[%clk 1:11:09]} 24. Rce1
{[%clk 0:38:14]} Rb2 {[%clk 1:11:23]} 25. Rxe4 {[%clk 0:37:47]} Rxb3
{[%clk 1:11:47]} 26. Re7 {[%clk 0:38:08]} Rf7 {[%clk 1:11:10]} 27. Re8+
{[%clk 0:38:12]} Rf8 {[%clk 1:09:51]} 28. Re7 {[%clk 0:38:36]} Rf7
{[%clk 1:08:31]} 29. Re8+ {[%clk 0:32:23]} Rf8 {[%clk 1:08:50]} 1/2-1/2

[Event "World Chess Olympiad 2018"]
[Site "Batumi"]
[Date "2018.10.05"]
[Round "11"]
[Board "4"]
[WhiteFideId "10100431"]
[White "Oliveira Luciano"]
[BlackFideId "4303962"]
[Black "Gong Daniel Hanwen"]
[Result "0-1"]
[LiveChessVersion "1.4.8"]
[BlackElo "2276"]
[WhiteElo "2216"]

1. d4 {[%clk 1:30:57]} d6 {[%clk 1:30:54]} 2. Nf3 {[%clk 1:31:17]} g6
{[%clk 1:31:20]} 3. g3 {[%clk 1:31:35]} Bg7 {[%clk 1:31:46]} 4. Bg2
{[%clk 1:31:59]} Nd7 {[%clk 1:32:11]} 5. c4 {[%clk 1:32:17]} e5 {[%clk 1:32:37]}
6. Nc3 {[%clk 1:32:39]} Ne7 {[%clk 1:33:01]} 7. O-O {[%clk 1:32:54]} O-O
{[%clk 1:33:27]} 8. e4 {[%clk 1:32:47]} exd4 {[%clk 1:33:52]} 9. Nxd4
{[%clk 1:33:09]} Nc6 {[%clk 1:34:18]} 10. Be3 {[%clk 1:32:52]} Nde5
{[%clk 1:34:41]} 11. Nxc6 {[%clk 1:31:27]} bxc6 {[%clk 1:34:49]} 12. Qa4
{[%clk 1:26:15]} c5 {[%clk 1:32:24]} 13. Nd1 {[%clk 1:14:41]} Rb8
{[%clk 1:24:56]} 14. Bd2 {[%clk 1:05:56]} Be6 {[%clk 1:23:02]} 15. Rc1
{[%clk 0:58:57]} Nd3 {[%clk 1:20:16]} 16. Rc2 {[%clk 0:58:51]} Nxb2
{[%clk 1:16:47]} 17. Nxb2 {[%clk 0:59:00]} Rxb2 {[%clk 1:17:11]} 18. Rxb2
{[%clk 0:58:28]} Bxb2 {[%clk 1:17:37]} 19. Bh6 {[%clk 0:51:32]} Bg7
{[%clk 1:15:46]} 20. Bxg7 {[%clk 0:51:44]} Kxg7 {[%clk 1:16:44]} 21. f4
{[%clk 0:51:42]} Qf6 {[%clk 1:15:03]} 22. e5 {[%clk 0:43:18]} dxe5
{[%clk 1:13:36]} 23. Qxa7 {[%clk 0:43:32]} Bxc4 {[%clk 1:09:41]} 24. Rc1
{[%clk 0:43:44]} Bd3 {[%clk 1:07:08]} 25. fxe5 {[%clk 0:42:08]} Qb6
{[%clk 1:07:17]} 26. Qa3 {[%clk 0:41:45]} c4+ {[%clk 1:07:29]} 27. Kh1
{[%clk 0:42:13]} Qd4 {[%clk 1:04:34]} 28. Qc3 {[%clk 0:39:51]} Qxc3
{[%clk 1:03:58]} 29. Rxc3 {[%clk 0:40:11]} Re8 {[%clk 1:04:02]} 30. Bd5
{[%clk 0:40:17]} Rxe5 {[%clk 1:04:15]} 31. Bxc4 {[%clk 0:40:35]} Be4+
{[%clk 1:04:20]} 0-1